MATCH THE NURSERY RHYME WORDS Quiz Stats

 Plays Quiz not verified by Sporcle

Challenge
Share
Tweet
Score 0/20 Timer 04:00
0 Plays Today
% Correct
Hickory
94.7%
Old
94.7%
Wee
89.5%
Hot
89.5%
Pop
89.5%
Mary Mary
89.5%
Diddle
84.2%
JACK
84.2%
Little
84.2%
Itsy
84.2%
% Correct
Little
84.2%
GOOSEY
78.9%
This
78.9%
Pease
78.9%
Ring
78.9%
Seesaw
73.7%
Bye
73.7%
Queen
73.7%
Wynken
73.7%
Pat
63.2%

You're not logged in!

Compare scores with friends on all Sporcle quizzes.
OR
Log In

You Might Also Like...

Show Comments

Extras

Top Quizzes Today


Score Distribution

Your Account Isn't Verified!

In order to create a playlist on Sporcle, you need to verify the email address you used during registration. Go to your Sporcle Settings to finish the process.

Report this User

Report this user for behavior that violates our Community Guidelines.

Details: